00369nam a2200121Ia 4500008004100000082002000041100002100061245004100082260003400123300001000157630001800167650006200185211109s9999||||xx |||||||||||||| ||und|| a894.8124bSAN-B aSankaran, Thayat 0aBharathiya Navothanathinte Ruparekha bNational BookaKottayamc1972 a227p. xGENERAL STACK aMALAYALAMvALAYALAM LITERATURExMALAYALAM ESSAYSGeneralia